The idea of property in law / (Record no. 1326)

000 -LEADER
fixed length control field 00402nam a22001577a 4500
003 - CONTROL NUMBER IDENTIFIER
control field OSt
005 - DATE AND TIME OF LATEST TRANSACTION
control field 20140513145851.0
008 - FIXED-LENGTH DATA ELEMENTS--GENERAL INFORMATION
fixed length control field 140513b xxu||||| |||| 00| 0 eng d
020 ## - INTERNATIONAL STANDARD BOOK NUMBER
International Standard Book Number 9780198299264
050 ## - LIBRARY OF CONGRESS CALL NUMBER
Classification number K720 .P46 1997
100 ## - MAIN ENTRY--PERSONAL NAME
Personal name Penner. J.E.
245 ## - TITLE STATEMENT
Title The idea of property in law /
Statement of responsibility, etc J.E. Penner.
260 ## - PUBLICATION, DISTRIBUTION, ETC. (IMPRINT)
Place of publication, distribution, etc Oxford
Name of publisher, distributor, etc Clarendon Press
Date of publication, distribution, etc 1997
300 ## - PHYSICAL DESCRIPTION
Extent viii, 240 p.
942 ## - ADDED ENTRY ELEMENTS (KOHA)
Source of classification or shelving scheme
Koha item type Book
Holdings
Withdrawn status Lost status Source of classification or shelving scheme Damaged status Not for loan Home library Current library Shelving location Date acquired Total Checkouts Total Renewals Full call number Barcode Date last seen Date checked out Copy number Price effective from Koha item type
          Riara University Library Riara University Library General stack 13/05/2014 17 3 K720 .P46 1997 4757/14 30/01/2025 24/01/2025 C.1 13/05/2014 Book
          Riara University Library Riara University Library General stack 13/05/2014 11 4 K720 .P46 1997 4758/14 18/02/2025 03/02/2025 C.2 13/05/2014 Book
          Riara University Library Riara University Library General stack 13/05/2014 5   K720 .P46 1997 4759/14 15/04/2019 27/03/2019 C.3 13/05/2014 Book
          Riara University Library Riara University Library General stack 13/05/2014 14 2 K720 .P46 1997 4760/14 22/01/2026 11/02/2025 C.4 13/05/2014 Book

Riara University Library,
P.O. Box 49940-00100,
Nairobi, Kenya.